00422 2200169 4500001002100000005001500021035002000036007000300056008004100059020000600100082001200106084001600118245004900134250000600183260005100189300001200240INLIS00000000000219220260415034110 a0010-0426000023ta260415 g 0 ind  a- a636.085 a636.085 SNI aSNI 4227 : 2024 Bahan Pakan- Bungkil Kedelai a- aJakarta :bBadan Standardisasi Nasional,c2024 a12 hlm.